भाव बंधन (Record no. 402656)

MARC details
000 -LEADER
fixed length control field 00420nam a2200145Ia 4500
008 - FIXED-LENGTH DATA ELEMENTS--GENERAL INFORMATION
fixed length control field 100122s9999 xx 000 0 und d
082 ## - DEWEY DECIMAL CLASSIFICATION NUMBER
Item number 11250
Classification number 822
100 ## - MAIN ENTRY--PERSONAL NAME
Personal name गडकरी राम गणेश
245 ## - TITLE STATEMENT
Title भाव बंधन
260 ## - PUBLICATION, DISTRIBUTION, ETC. (IMPRINT)
Name of publisher, distributor, etc मेधा माधव परचुुरे
Date of publication, distribution, etc 1960
300 ## - PHYSICAL DESCRIPTION
Extent 160
630 ## - SUBJECT ADDED ENTRY--UNIFORM TITLE
Uniform title भाव बंधन
730 ## - ADDED ENTRY--UNIFORM TITLE
Uniform title भाव बंधन
942 ## - ADDED ENTRY ELEMENTS (KOHA)
Koha item type Book

No items available.